Reputation of Family-Owned Businesses: Parent Companies vs. Their Brands in the Context of Global Pandemic

Úspech spoločností do veľkej miery závisí od ich reputácie, nehmotného aktíva, ktoré si zasluhuje maximálnu pozornosť. Nepretržité monitorovanie firemnej reputácie je kľúčové pri rýchlom odhaľovaní potenciálnych hrozieb. Rodinné podniky, ktoré spájajú tradíciu a prispôsobivosť v rámci svojich značie...

ver descrição completa

Na minha lista:
Detalhes bibliográficos
Autor principal: Markovič, Peter, 1974-
Outros Autores: Pollák, František, 1985-
Formato: Capítulo de Livro
Idioma:inglês
Assuntos:
Tags: Adicionar Tag
Sem tags, seja o primeiro a adicionar uma tag!

MARC

LEADER 00000naa$a2200000$$$4500
001 0302804
005 20250529141437.7
041 0 |a eng 
044 |a SG 
245 1 0 |a Reputation of Family-Owned Businesses: Parent Companies vs. Their Brands in the Context of Global Pandemic  |c Peter Markovič, František Pollák 
520 |a Úspech spoločností do veľkej miery závisí od ich reputácie, nehmotného aktíva, ktoré si zasluhuje maximálnu pozornosť. Nepretržité monitorovanie firemnej reputácie je kľúčové pri rýchlom odhaľovaní potenciálnych hrozieb. Rodinné podniky, ktoré spájajú tradíciu a prispôsobivosť v rámci svojich značiek, slúžia ako ideálne predmety pre štúdium reputačného manažmentu. Tento dokument sa ponorí do skúmania inovatívnych stratégií pre online správu reputácie uprostred globálnej pandémie. Autori vykonali komplexnú analýzu sentimentu naprieč hlavnými online platformami pre desať najväčších rodinných podnikov pred a počas poklesu pandémie. Preskúmali sa kľúčové determinanty ako Google, Facebook, Twitter, YouTube a LinkedIn. Táto štúdia odhaľuje výrazný kontrast medzi marketingovými stratégiami materských spoločností a ich značkami a ponúka cenné poznatky o udržateľnom vývoji značky. Rozpoznaním účinných metodológií a určením slabých stránok sa výskum snaží pretvoriť poznatky v oblasti manažmentu, najmä vzhľadom na transformačné prostredie formované ústupom pandémie. 
610 2 0 |a značky 
610 2 0 |a pandémia 
610 2 0 |a podnik rodinný 
610 2 0 |a podnik dcérsky 
610 2 0 |a podnik materský 
610 2 0 |a meno obchodné 
100 1 |a Markovič, Peter, 1974- 
700 1 |a Pollák, František, 1985-